| 000 | 01158cab a22002055a 4500 | ||
|---|---|---|---|
| 001 | L143103 | ||
| 008 | 080408e20080504xxk f 000 0 eng d | ||
| 035 | _a(Sirsi) u143103 | ||
| 041 | 0 | _aeng | |
| 100 | 1 | _aJohnson, David | |
| 245 | 0 | 0 | _aHow to avoid being SWaMPed |
| 260 | _c2008 | ||
| 490 |
_aEstates Gazette _v(0813) 5 April 2008, 146(1) |
||
| 520 | _aLooks at the enforcement of 2004's Site Waste Management Plans (SWaMPs) which were made compulsory on 6 April 2008. A client carrying out a construction project valued at over £300 000 must now appoint a contractor or carry out the functions itself. A SWaMP must be prepared before construction commences, and updated whenever waste leaves the site. Obligations for recording details increase for projects costing £500 000 or more. Enforcement is performed by local authorities and the Environment Agency. Failure to comply can result in £50 000 fine at a magistrates' court, or an unlimited fine at a crown court. | ||
| 590 | _aKA | ||
| 650 | 2 | 4 | _aENVIRONMENTAL PROTECTION ACT 1990 |
| 651 | 4 |
_aUnited Kingdom _y |
|
| 690 | _aENVIRONMENTAL AND LAND CONSULTANCY-WASTE MANAGEMENT | ||
| 942 | _n0 | ||
| 999 |
_c80064 _d80064 |
||